000 00276nam a2200133Ia 4500
100 _aRajam/J.B
942 _cBK
654 _aAtomic
245 _aAtomic Physics
260 _bS.Chand and Co.
_aNew Delhi
_c1984
082 _a539.7
_bRAJ
300 _a1279
546 _aENGLISH
999 _c29668
_d29668